[Event "EU-Cup 35th"]
[Site "Ulcinj"]
[Date "2019.11.15"]
[Round "6.33"]
[White "Budima, Armend"]
[Black "Klamp, Christoph"]
[Result "1-0"]
[WhiteElo "2172"]
[BlackElo "2034"]
[PlyCount "65"]
[EventDate "2019.11.10"]
[EventType "team-swiss"]
[EventRounds "7"]
[EventCountry "MNE"]
[SourceTitle "EXT 2021"]
[Source "ChessBase"]
[SourceDate "2020.10.23"]
[SourceVersion "1"]
[SourceVersionDate "2020.10.23"]
[SourceQuality "1"]
[WhiteTeam "Dardania"]
[BlackTeam "Differdange"]
[WhiteTeamCountry "KOS"]
[BlackTeamCountry "LUX"]

1. e4 c6 2. d4 d5 3. Nc3 dxe4 4. Nxe4 Nf6 5. Nxf6+ gxf6 6. c3 Bf5 7. Ne2 Nd7 8. Ng3 Bg6 9. h4 h5 10. Be2 Qa5 11. 0-0 0-0-0 12. b4 Qc7 13. b5 c5 14. Qa4 Kb8 15. Qb3 e5 16. Be3 Bd6 17. dxc5 Nxc5 18. Qc4 f5 19. Rad1 Rc8 20. f4 exf4 21. Bxf4 Bxf4 22. Qxf4 Qxf4 23. Rxf4 Ne6 24. Rc4 f4 25. Rxc8+ Rxc8 26. Nxh5 Rxc3 27. Nf6 Rc2 28. Bf3 Rxa2 29. Rd7 Nc5 30. Re7 Nd3 31. Nd5 Kc8 32. h5 Bf5 33. Rxf7 1-0

[Event "EU-Cup 35th"]
[Site "Ulcinj"]
[Date "2019.11.11"]
[Round "2.20"]
[White "Vrbata, Zbynek"]
[Black "Klamp, Christoph"]
[Result "1/2-1/2"]
[WhiteElo "2353"]
[BlackElo "2034"]
[PlyCount "97"]
[EventDate "2019.11.10"]
[EventType "team-swiss"]
[EventRounds "7"]
[EventCountry "MNE"]
[SourceTitle "CBM 193 Extra"]
[Source "ChessBase"]
[SourceDate "2020.01.31"]
[SourceVersion "1"]
[SourceVersionDate "2020.01.31"]
[SourceQuality "1"]
[WhiteTeam "Unichess"]
[BlackTeam "Differdange"]
[WhiteTeamCountry "CZE"]
[BlackTeamCountry "LUX"]

1. d4 f5 2. g3 Nf6 3. Bg2 g6 4. Nf3 Bg7 5. 0-0 0-0 6. b3 d6 7. Bb2 c6 8. Nbd2 Qe8 9. Re1 Ne4 10. Nxe4 fxe4 11. Ng5 d5 12. f3 h6 13. Nh3 e5 14. fxe4 dxe4 15. dxe5 Bxe5 16. Bxe5 Qxe5 17. e3 Bf5 18. Nf2 g5 19. Qd4 Re8 20. Rad1 Na6 21. Qd6 Re6 22. Qxe5 Rxe5 23. g4 Be6 24. Nxe4 Nb4 25. Rd2 Nxa2 26. Rf1 Kg7 27. h3 Nb4 28. c4 a5 29. Nd6 a4 30. bxa4 Rxe3 31. Nxb7 Rxa4 32. Nd6 Ra8 33. Rb1 Rb8 34. Ra1 Kf6 35. Rf1+ Kg7 36. Ra1 Kf6 37. Ra7 Nd3 38. Ra3 Re1+ 39. Kh2 Nf4 40. Bxc6 Re2+ 41. Rxe2 Nxe2 42. Bb5 Nd4 43. Re3 Ra8 44. Ne4+ Kf7 45. Kg3 Ra2 46. Nd6+ Kf6 47. Ne4+ Kf7 48. Nd6+ Kf6 49. Ne4+ 1/2-1/2

[Event "GER-ch Seniors 50"]
[Site "Hamburg"]
[Date "2018.07.25"]
[Round "5"]
[White "Klamp, Christoph"]
[Black "Toepper, Olaf"]
[Result "1/2-1/2"]
[WhiteElo "2030"]
[BlackElo "1906"]
[PlyCount "29"]
[EventDate "2018.07.21"]
[EventType "swiss"]
[EventRounds "9"]
[EventCountry "GER"]
[SourceTitle "CBM 186 Extra"]
[Source "ChessBase"]
[SourceDate "2018.08.24"]
[SourceVersion "1"]
[SourceVersionDate "2018.08.24"]
[SourceQuality "1"]

1. b3 d5 2. Bb2 Nf6 3. Nf3 Bg4 4. e3 e6 5. Be2 Be7 6. d3 0-0 7. h3 Bxf3 8. Bxf3 Nbd7 9. Nd2 c6 10. 0-0 Qc7 11. g3 Rfe8 12. Bg2 e5 13. Qe2 Bd6 14. e4 Bc5 15. Kh2 1/2-1/2

[Event "LUX-chT 2016/17"]
[Site "Luxembourg"]
[Date "2016.10.23"]
[Round "3"]
[White "Upton, Timothy J"]
[Black "Klamp, Christoph"]
[Result "1/2-1/2"]
[WhiteElo "2142"]
[BlackElo "2014"]
[PlyCount "156"]
[EventDate "2016.09.25"]
[EventType "team-tourn"]
[EventRounds "10"]
[EventCountry "LUX"]
[SourceTitle "EXT 2018"]
[Source "ChessBase"]
[SourceDate "2017.10.13"]
[SourceVersion "1"]
[SourceVersionDate "2017.10.13"]
[SourceQuality "1"]

1. e4 c5 2. Nf3 d6 3. d4 cxd4 4. Nxd4 Nf6 5. Nc3 a6 6. a4 g6 7. Be2 Bg7 8. 0-0 0-0 9. Be3 Nc6 10. Qd2 Bd7 11. f4 Rc8 12. Kh1 Na5 13. e5 dxe5 14. fxe5 Ng4 15. e6 Nxe3 16. Qxe3 fxe6 17. Nxe6 Bxe6 18. Qxe6+ Kh8 19. Rxf8+ Bxf8 20. Rd1 Qc7 21. Rd7 Qf4 22. g3 Qb4 23. Rd5 Ra8 24. Qe4 Nc6 25. Qxb4 Nxb4 26. Rd7 Nxc2 27. Rxb7 Nd4 28. Bc4 a5 29. Nd5 Nf5 30. Bd3 Rd8 31. Bxf5 Rxd5 32. Be6 Re5 33. Bc4 e6 34. Kg2 Bb4 35. b3 Kg8 36. Kf3 Bd2 37. Re7 Bb4 38. Bxe6+ Kf8 39. Rf7+ Ke8 40. Bc4 Re7 41. Rf6 Kd7 42. Ra6 Kc7 43. h4 Kb7 44. Rf6 Kc7 45. Kg4 Re4+ 46. Kf3 Re7 47. Bg8 Rg7 48. Bd5 Re7 49. Ra6 Kd7 50. Kg4 Ke8 51. Be6 Kf8 52. Bc4 Kg7 53. Rc6 Be1 54. Kf3 Kf8 55. Rd6 Bb4 56. Rc6 Be1 57. Bd5 Kg7 58. Be4 Rf7+ 59. Kg4 Re7 60. Rc4 Kf6 61. Kf3 Kg7 62. Bd5 Kf6 63. Rc6+ Kg7 64. Rb6 Kf8 65. Be6 Kg7 66. Kg4 Bd2 67. Kh3 Rc7 68. Bc4 Re7 69. g4 Bb4 70. Ra6 Re3+ 71. Kg2 Re7 72. g5 Re4 73. Ra7+ Re7 74. Ra6 Re4 75. Ra8 h6 76. Ra7+ Re7 77. Ra6 hxg5 78. hxg5 Re5 1/2-1/2

[Event "Bad Woerishofen op 31st"]
[Site "Bad Woerishofen"]
[Date "2015.03.01"]
[Round "3"]
[White "Klamp, Christoph"]
[Black "Auschkalnis, Reinhard"]
[Result "1-0"]
[WhiteElo "2005"]
[BlackElo "1829"]
[PlyCount "81"]
[EventDate "2015.02.27"]
[EventType "swiss"]
[EventRounds "9"]
[EventCountry "GER"]
[SourceTitle "CBM 165 Extra"]
[Source "ChessBase"]
[SourceDate "2015.04.21"]
[SourceVersion "1"]
[SourceVersionDate "2015.04.21"]
[SourceQuality "1"]

1. Nf3 d5 2. d4 c6 3. c4 Nf6 4. Qc2 g6 5. Bf4 Bg7 6. e3 Bf5 7. Qb3 Qb6 8. c5 Qxb3 9. axb3 Nbd7 10. h3 0-0 11. b4 b6 12. Ba6 bxc5 13. bxc5 Nh5 14. Bc7 Bxb1 15. Rxb1 Nhf6 16. Bb7 Rae8 17. 0-0 Nb8 18. Ra1 a6 19. Ne5 Nfd7 20. Nxd7 Nxd7 21. f4 Nb8 22. Rfb1 e6 23. Bxb8 Rxb8 24. Bxc6 Rfd8 25. Rxa6 e5 26. b4 exf4 27. Kf2 f5 28. b5 fxe3+ 29. Kxe3 f4+ 30. Kd3 g5 31. Re1 Kf7 32. Ra7+ Kg6 33. Rae7 h5 34. Be8+ Kh7 35. Bc6 g4 36. hxg4 hxg4 37. Re8 f3 38. Rxd8 Rxd8 39. gxf3 gxf3 40. Rf1 Rf8 41. Bxd5 1-0

[Event "Luxembourg-chT 1415"]
[Site "Luxembourg"]
[Date "2014.11.09"]
[Round "?"]
[White "Klamp, Christoph"]
[Black "Haensel, Jean Marie"]
[Result "1/2-1/2"]
[WhiteElo "2035"]
[BlackElo "1862"]
[PlyCount "31"]
[EventDate "2014.10.05"]
[EventType "team-tourn"]
[EventRounds "10"]
[EventCountry "LUX"]
[SourceTitle "EXT 2017"]
[Source "ChessBase"]
[SourceDate "2016.10.25"]
[SourceVersion "1"]
[SourceVersionDate "2016.10.25"]
[SourceQuality "1"]

1. Nf3 d6 2. d4 Nf6 3. g3 Bg4 4. Bg2 c6 5. h3 Bxf3 6. Bxf3 Nbd7 7. c3 e5 8. dxe5 dxe5 9. 0-0 Qb6 10. Qc2 a5 11. Nd2 Bc5 12. Nb3 Bd6 13. Nd2 Qc7 14. e4 0-0 15. Nc4 Bc5 16. Bg5 1/2-1/2

[Event "Goch op 25th"]
[Site "Goch"]
[Date "2014.09.07"]
[Round "7"]
[White "Klamp, Christoph"]
[Black "Bauchmueller, Franz Josef"]
[Result "1-0"]
[WhiteElo "2023"]
[BlackElo "1778"]
[PlyCount "85"]
[EventDate "2014.09.04"]
[EventType "swiss"]
[EventRounds "7"]
[EventCountry "GER"]
[SourceTitle "EXT 2016"]
[Source "ChessBase"]
[SourceDate "2015.10.08"]
[SourceVersion "1"]
[SourceVersionDate "2015.10.08"]
[SourceQuality "1"]

1. Nf3 Nc6 2. d4 d5 3. g3 Bg4 4. Bg2 e6 5. h3 Bxf3 6. Bxf3 Bd6 7. Nc3 Nge7 8. e4 dxe4 9. Nxe4 0-0 10. 0-0 Rb8 11. c3 Ng6 12. Be3 a6 13. Bg2 Nce7 14. Qb3 c6 15. h4 Nd5 16. Nxd6 Qxd6 17. Bd2 Qd7 18. Qc2 h6 19. Rad1 Qd8 20. Qe4 Nf6 21. Qe2 Re8 22. Bc1 Qd7 23. h5 Ne7 24. Bf4 Rbd8 25. Be5 Nh7 26. Qg4 f6 27. Bf4 f5 28. Qe2 Nf6 29. Bf3 Ned5 30. Be5 Qf7 31. Rd2 Kh7 32. Kg2 Rg8 33. Re1 Rde8 34. Rh1 Nb6 35. Rdd1 Nbd7 36. c4 Nxe5 37. dxe5 Nd7 38. Rd6 Rd8 39. Rhd1 Qe8 40. Qd2 Nxe5 41. Rxd8 Nxf3 42. Rxe8 Nxd2 43. Rxg8 1-0

[Event "Goch op 25th"]
[Site "Goch"]
[Date "2014.09.06"]
[Round "4"]
[White "Pauly, Carlo"]
[Black "Klamp, Christoph"]
[Result "1-0"]
[WhiteElo "2184"]
[BlackElo "2023"]
[PlyCount "93"]
[EventDate "2014.09.04"]
[EventType "swiss"]
[EventRounds "7"]
[EventCountry "GER"]
[SourceTitle "EXT 2016"]
[Source "ChessBase"]
[SourceDate "2015.10.08"]
[SourceVersion "1"]
[SourceVersionDate "2015.10.08"]
[SourceQuality "1"]

1. d4 f5 2. c4 Nf6 3. g3 g6 4. Bg2 Bg7 5. Nf3 d6 6. 0-0 0-0 7. Nc3 c6 8. Qc2 Na6 9. Rb1 Qe8 10. b4 e5 11. b5 Nc7 12. dxe5 dxe5 13. bxc6 bxc6 14. Ba3 e4 15. Ng5 h6 16. Bxf8 Bxf8 17. Nh3 Ng4 18. Kh1 Bg7 19. e3 g5 20. Nd1 Ne5 21. Ng1 g4 22. Ne2 Ne6 23. Nf4 Ng5 24. Nc3 Ngf3 25. Nce2 Ba6 26. Bxf3 gxf3 27. Nd4 Qf7 28. Rfc1 Bxc4 29. Nxc6 Bxa2 30. Nxe5 Bxe5 31. Qc6 Rd8 32. Rb7 Qf6 33. Qxf6 Bxf6 34. Rxa7 Bb2 35. Rg1 Bf7 36. g4 fxg4 37. Rxg4+ Kf8 38. h4 Rd1+ 39. Rg1 Rd2 40. Ra8+ Ke7 41. Ra4 Rxf2 42. Rxe4+ Kd6 43. Rd1+ Kc6 44. Nd3 Re2 45. Rf4 Bh5 46. Rc4+ Kb6 47. Rb4+ 1-0

[Event "Goch op 25th"]
[Site "Goch"]
[Date "2014.09.04"]
[Round "1"]
[White "Klamp, Christoph"]
[Black "Plum, Gregor H"]
[Result "1-0"]
[WhiteElo "2023"]
[BlackElo "1625"]
[PlyCount "111"]
[EventDate "2014.09.04"]
[EventType "swiss"]
[EventRounds "7"]
[EventCountry "GER"]
[SourceTitle "EXT 2016"]
[Source "ChessBase"]
[SourceDate "2015.10.08"]
[SourceVersion "1"]
[SourceVersionDate "2015.10.08"]
[SourceQuality "1"]

1. Nf3 Nf6 2. c4 c5 3. d4 cxd4 4. Nxd4 Nc6 5. Nc3 Nxd4 6. Qxd4 e6 7. g3 b6 8. Bg2 Bc5 9. Qf4 g5 10. Qxg5 Rb8 11. 0-0 Bb7 12. e4 Be7 13. Qf4 d6 14. b3 Rc8 15. Bb2 Rg8 16. Nb5 e5 17. Qe3 a6 18. Nc3 Qc7 19. Rad1 Rd8 20. Bh3 Bc8 21. Bg2 Be6 22. Rd3 Qc5 23. Qd2 Bg4 24. Kh1 Qb4 25. Qc1 Qc5 26. f3 Be6 27. Ba3 Qc8 28. Rfd1 Kf8 29. Qh6+ Ke8 30. Qd2 b5 31. cxb5 axb5 32. Bxd6 Rg6 33. Bxe7 Rxd3 34. Qxd3 Qd7 35. Bxf6 Qxd3 36. Rxd3 Rxf6 37. Nxb5 Bd7 38. Rd5 Bxb5 39. Rxb5 Rc6 40. Rxe5+ Kf8 41. Bf1 Rc1 42. Kg1 Ra1 43. a4 f6 44. Rb5 h6 45. a5 Ke7 46. a6 Kd6 47. b4 Kc6 48. Kf2 Ra2+ 49. Ke3 Rxh2 50. Ra5 Rb2 51. b5+ Kb6 52. a7 Kxa5 53. a8Q+ Kb4 54. b6 Rb3+ 55. Kd4 Rxf3 56. b7 1-0

[Event "Prague Holiday K21"]
[Site "Prague"]
[Date "2014.07.29"]
[Round "5"]
[White "Klamp, Christoph"]
[Black "Wolf, Ulrich"]
[Result "1/2-1/2"]
[WhiteElo "2053"]
[BlackElo "2071"]
[PlyCount "26"]
[EventDate "2014.07.27"]
[EventType "tourn"]
[EventRounds "9"]
[EventCountry "CZE"]
[SourceTitle "EXT 2023"]
[Source "ChessBase"]
[SourceDate "2022.10.05"]
[SourceVersion "1"]
[SourceVersionDate "2022.10.05"]
[SourceQuality "1"]

1. Nf3 c5 2. c4 b6 3. Nc3 Bb7 4. g3 Nf6 5. Bg2 e6 6. 0-0 a6 7. Re1 Be7 8. e4 d6 9. d4 cxd4 10. Nxd4 Qc7 11. Be3 Nbd7 12. Rc1 0-0 13. b3 Rac8 1/2-1/2

[Event "Rhein Main op-A 17th"]
[Site "Bad Homburg"]
[Date "2014.06.20"]
[Round "4"]
[White "Klamp, Christoph"]
[Black "Cordes, Hans Joerg"]
[Result "0-1"]
[WhiteElo "2049"]
[BlackElo "2253"]
[PlyCount "34"]
[EventDate "2014.06.18"]
[EventType "swiss"]
[EventRounds "7"]
[EventCountry "GER"]
[SourceTitle "CBM 161 Extra"]
[Source "ChessBase"]
[SourceDate "2014.08.29"]
[SourceVersion "1"]
[SourceVersionDate "2014.08.29"]
[SourceQuality "1"]

1. Nf3 d5 2. d4 c6 3. c4 e6 4. Qc2 Nf6 5. g3 Be7 6. Bg2 0-0 7. 0-0 a5 8. Nbd2 b5 9. cxb5 cxb5 10. e4 dxe4 11. Nxe4 Nxe4 12. Qxe4 Ra7 13. Rd1 Bb7 14. Qe5 Bd5 15. Be3 Nd7 16. Qh5 Qa8 17. Ng5 h6 0-1

[Event "Rhein Main op-A 17th"]
[Site "Bad Homburg"]
[Date "2014.06.19"]
[Round "3"]
[White "Svanholm, Borge Waaktaar"]
[Black "Klamp, Christoph"]
[Result "0-1"]
[WhiteElo "1860"]
[BlackElo "2049"]
[PlyCount "58"]
[EventDate "2014.06.18"]
[EventType "swiss"]
[EventRounds "7"]
[EventCountry "GER"]
[SourceTitle "CBM 161 Extra"]
[Source "ChessBase"]
[SourceDate "2014.08.29"]
[SourceVersion "1"]
[SourceVersionDate "2014.08.29"]
[SourceQuality "1"]

1. c4 f5 2. d4 Nf6 3. Nf3 g6 4. g3 Bg7 5. Bg2 0-0 6. Nc3 d6 7. 0-0 c6 8. Re1 Na6 9. a3 Nc7 10. e4 Nxe4 11. Nxe4 fxe4 12. Rxe4 Bf5 13. Re1 Qd7 14. Bg5 Rae8 15. Qd2 Bg4 16. Nh4 d5 17. c5 e5 18. dxe5 Bxe5 19. Bh6 Bg7 20. Bxg7 Qxg7 21. h3 Bc8 22. f4 Ne6 23. b4 Qd4+ 24. Qxd4 Nxd4 25. Rxe8 Rxe8 26. Ra2 Re3 27. Kf2 Rc3 28. Ke1 Rxg3 29. Kf2 Rc3 0-1

[Event "Bad Woerishofen op 30th"]
[Site "Bad Woerishofen"]
[Date "2014.03.23"]
[Round "8"]
[White "Klamp, Christoph"]
[Black "Wied, Christian"]
[Result "1-0"]
[WhiteElo "2064"]
[BlackElo "1938"]
[PlyCount "75"]
[EventDate "2014.03.21"]
[EventType "swiss"]
[EventRounds "9"]
[EventCountry "GER"]
[SourceTitle "CBM 159 Extra"]
[Source "ChessBase"]
[SourceDate "2014.04.24"]
[SourceVersion "1"]
[SourceVersionDate "2014.04.24"]
[SourceQuality "1"]

1. Nf3 Nf6 2. c4 c5 3. Nc3 e6 4. g3 b6 5. Bg2 Bb7 6. 0-0 Be7 7. Re1 0-0 8. e4 d6 9. d4 cxd4 10. Nxd4 Qc8 11. Bg5 a6 12. Rc1 Nbd7 13. b3 h6 14. Be3 Rd8 15. f4 Nc5 16. Bf2 Ra7 17. Qe2 Ba8 18. h3 Rc7 19. b4 Ncd7 20. b5 Rxc4 21. Nc6 Rxc6 22. bxc6 Bxc6 23. Nd5 exd5 24. exd5 Nc5 25. dxc6 Bf8 26. Bd4 Re8 27. Qc2 Be7 28. Re2 Kf8 29. Rce1 Ng8 30. Kh2 g6 31. Qc3 Ne6 32. Bh8 Bd8 33. Bd5 Bc7 34. Bxe6 Rxe6 35. Rxe6 fxe6 36. Qg7+ Ke8 37. Qxg8+ Ke7 38. Qxc8 1-0

[Event "Bad Woerishofen op 30th"]
[Site "Bad Woerishofen"]
[Date "2014.03.23"]
[Round "5"]
[White "Ries, Berthold"]
[Black "Klamp, Christoph"]
[Result "1-0"]
[WhiteElo "1914"]
[BlackElo "2064"]
[PlyCount "55"]
[EventDate "2014.03.21"]
[EventType "swiss"]
[EventRounds "9"]
[EventCountry "GER"]
[SourceTitle "EXT 2019"]
[Source "ChessBase"]
[SourceDate "2018.10.10"]
[SourceVersion "1"]
[SourceVersionDate "2018.10.10"]
[SourceQuality "1"]

1. e4 c5 2. Nf3 d6 3. d4 cxd4 4. Nxd4 Nf6 5. Nc3 a6 6. Be3 e5 7. Nb3 Be6 8. f3 Be7 9. Qd2 0-0 10. 0-0-0 a5 11. a4 Na6 12. Bxa6 Rxa6 13. Nd5 Nxd5 14. exd5 Bd7 15. Qc3 Bxa4 16. Bd2 Qd7 17. Na1 Rc8 18. Qa3 Bb5 19. Kb1 a4 20. Bb4 Bc4 21. Rd2 Bg5 22. Rdd1 h6 23. g3 Be3 24. Qxe3 a3 25. bxa3 Qb5 26. Nb3 Rca8 27. Kb2 Ra4 28. f4 1-0

[Event "Solingen Karneval op"]
[Site "Solingen"]
[Date "2014.03.02"]
[Round "4"]
[White "Klamp, Christoph"]
[Black "Gebben, Alwin"]
[Result "1-0"]
[WhiteElo "2064"]
[BlackElo "1889"]
[PlyCount "43"]
[EventDate "2014.02.28"]
[EventType "swiss"]
[EventRounds "5"]
[EventCountry "GER"]
[SourceTitle "EXT 2016"]
[Source "ChessBase"]
[SourceDate "2015.10.08"]
[SourceVersion "1"]
[SourceVersionDate "2015.10.08"]
[SourceQuality "1"]

1. Nf3 Nf6 2. c4 c6 3. d4 d5 4. Qc2 e6 5. g3 Nbd7 6. Bg2 Bd6 7. 0-0 Ne4 8. Nc3 f5 9. Rb1 0-0 10. b4 Ndf6 11. b5 Nxc3 12. Qxc3 Ne4 13. Qc2 f4 14. Ne5 fxg3 15. hxg3 cxb5 16. cxd5 exd5 17. Bxe4 dxe4 18. Qb3+ Kh8 19. Nf7+ Rxf7 20. Qxf7 Bg4 21. Rxb5 b6 22. Rg5 1-0

[Event "Bad Woerishofen op 29th"]
[Site "Bad Woerishofen"]
[Date "2013.03.04"]
[Round "4"]
[White "Riedl, Guenter"]
[Black "Klamp, Christoph"]
[Result "1/2-1/2"]
[WhiteElo "1921"]
[BlackElo "2092"]
[PlyCount "22"]
[EventDate "2013.03.01"]
[EventType "swiss"]
[EventRounds "9"]
[EventCountry "GER"]
[SourceTitle "CBM 153 Extra"]
[Source "ChessBase"]
[SourceDate "2013.04.22"]
[SourceVersion "1"]
[SourceVersionDate "2013.04.22"]
[SourceQuality "1"]

1. c4 f5 2. Nc3 Nf6 3. d4 d6 4. Bg5 g6 5. Bxf6 exf6 6. e3 c6 7. Bd3 Qe7 8. Nge2 Bh6 9. Qc2 Na6 10. a3 Nc7 11. 0-0-0 Be6 1/2-1/2

[Event "Bad Woerishofen op 29th"]
[Site "Bad Woerishofen"]
[Date "2013.03.03"]
[Round "3"]
[White "Klamp, Christoph"]
[Black "Ditmas, Hugh"]
[Result "1/2-1/2"]
[WhiteElo "2092"]
[BlackElo "1966"]
[PlyCount "47"]
[EventDate "2013.03.01"]
[EventType "swiss"]
[EventRounds "9"]
[EventCountry "GER"]
[SourceTitle "CBM 153 Extra"]
[Source "ChessBase"]
[SourceDate "2013.04.22"]
[SourceVersion "1"]
[SourceVersionDate "2013.04.22"]
[SourceQuality "1"]

1. Nf3 Nf6 2. g3 e6 3. Bg2 d5 4. 0-0 Be7 5. d3 0-0 6. Nbd2 c5 7. e4 Nc6 8. Re1 Qc7 9. e5 Nd7 10. Qe2 Re8 11. Nf1 b5 12. Bf4 Bb7 13. h4 Rac8 14. N1h2 b4 15. Ng4 Nd4 16. Qd1 Bf8 17. Ng5 h6 18. Nf3 a5 19. Qd2 Nxf3+ 20. Bxf3 c4 21. dxc4 Qxc4 22. Ne3 Qc7 23. Nxd5 Bxd5 24. Bxd5 1/2-1/2

[Event "Bad Woerishofen op 29th"]
[Site "Bad Woerishofen"]
[Date "2013.03.02"]
[Round "2"]
[White "Belezky, Alexander"]
[Black "Klamp, Christoph"]
[Result "1-0"]
[WhiteElo "2446"]
[BlackElo "2092"]
[PlyCount "83"]
[EventDate "2013.03.01"]
[EventType "swiss"]
[EventRounds "9"]
[EventCountry "GER"]
[SourceTitle "CBM 153 Extra"]
[Source "ChessBase"]
[SourceDate "2013.04.22"]
[SourceVersion "1"]
[SourceVersionDate "2013.04.22"]
[SourceQuality "1"]

1. Nf3 d5 2. g3 Bg4 3. h3 Bxf3 4. exf3 c6 5. f4 Nf6 6. Bg2 Nbd7 7. 0-0 e6 8. Re1 Bd6 9. d4 0-0 10. Nd2 Qb6 11. Nf3 c5 12. c3 cxd4 13. cxd4 Rac8 14. Re2 Rc7 15. Be3 Rfc8 16. Ne5 Nb8 17. g4 Nfd7 18. f5 Nxe5 19. dxe5 Bc5 20. Bf4 Bd4 21. Qd2 Rc4 22. Bg3 Qc7 23. Rd1 Bb6 24. f6 h6 25. fxg7 Kxg7 26. Kh2 Rd4 27. Qe1 Rxd1 28. Qxd1 Nd7 29. Bf4 Qc4 30. Qd2 Rh8 31. b3 Qd4 32. Qc1 Nc5 33. Bg3 Nd3 34. Qd1 Nb4 35. Qxd4 Bxd4 36. a3 Nc6 37. f4 h5 38. Bh4 Kg6 39. Bf6 Rc8 40. Bf1 Bb6 41. Rg2 hxg4 42. Rxg4+ 1-0

[Event "Bad Woerishofen op 28th"]
[Site "Bad Woerishofen"]
[Date "2012.03.07"]
[Round "6"]
[White "Guttenthaler, Franz"]
[Black "Klamp, Christoph"]
[Result "1/2-1/2"]
[WhiteElo "2204"]
[BlackElo "2090"]
[PlyCount "25"]
[EventDate "2012.03.02"]
[EventType "swiss"]
[EventRounds "9"]
[EventCountry "GER"]
[SourceTitle "EXT 2019"]
[Source "ChessBase"]
[SourceDate "2018.10.10"]
[SourceVersion "1"]
[SourceVersionDate "2018.10.10"]
[SourceQuality "1"]

1. d4 f5 2. c4 Nf6 3. Nf3 g6 4. Nc3 Bg7 5. Bf4 d6 6. e3 0-0 7. c5 h6 8. Bc4+ Kh8 9. h3 Nc6 10. cxd6 cxd6 11. 0-0 Ne4 12. Bh2 Nxc3 13. bxc3 1/2-1/2

[Event "Bad Woerishofen op 28th"]
[Site "Bad Woerishofen"]
[Date "2012.03.06"]
[Round "5"]
[White "Klamp, Christoph"]
[Black "Buchal, Stephan"]
[Result "1/2-1/2"]
[WhiteElo "2090"]
[BlackElo "2330"]
[PlyCount "46"]
[EventDate "2012.03.02"]
[EventType "swiss"]
[EventRounds "9"]
[EventCountry "GER"]
[SourceTitle "EXT 2019"]
[Source "ChessBase"]
[SourceDate "2018.10.10"]
[SourceVersion "1"]
[SourceVersionDate "2018.10.10"]
[SourceQuality "1"]

1. e4 g6 2. d4 Bg7 3. Nc3 d6 4. f4 Nf6 5. e5 Nfd7 6. Nf3 c5 7. exd6 0-0 8. Be3 exd6 9. Qd2 Nc6 10. 0-0-0 Qa5 11. Kb1 Nf6 12. Nb5 Qxd2 13. Rxd2 Bg4 14. Nxd6 Nd5 15. Bf2 Bxf3 16. gxf3 cxd4 17. Bb5 Nxf4 18. Bxc6 bxc6 19. Bxd4 Rfd8 20. Bxg7 Kxg7 21. Rhd1 Ne6 22. Kc1 Kf6 23. Rd3 h5 1/2-1/2

[Event "Basel Hilton op 14th"]
[Site "Basel"]
[Date "2012.01.02"]
[Round "2"]
[White "Klamp, Christoph"]
[Black "Roesch, Mario"]
[Result "1/2-1/2"]
[WhiteElo "2106"]
[BlackElo "1975"]
[PlyCount "160"]
[EventDate "2012.01.01"]
[EventType "swiss"]
[EventRounds "7"]
[EventCountry "SUI"]
[SourceTitle "CBM 146 Extra"]
[Source "ChessBase"]
[SourceDate "2012.02.29"]
[SourceVersion "1"]
[SourceVersionDate "2012.02.29"]
[SourceQuality "1"]

1. e4 c6 2. d4 d5 3. e5 c5 4. dxc5 e6 5. Be3 Nh6 6. c3 Nf5 7. Bd4 Nxd4 8. cxd4 b6 9. Nf3 bxc5 10. Nc3 Nc6 11. Bb5 Bd7 12. 0-0 Rb8 13. Re1 Be7 14. Bxc6 Bxc6 15. Qd2 0-0 16. Rac1 Qb6 17. Rc2 Rfc8 18. Rec1 Rc7 19. Ne2 c4 20. Qf4 Qa6 21. b3 Ba3 22. Rb1 Rcb7 23. h4 cxb3 24. axb3 Rxb3 25. Rxb3 Rxb3 26. Qg5 Rb8 27. Nf4 Qb6 28. Nh5 Bf8 29. Kh2 h6 30. Qc1 Be8 31. Rc8 Rxc8 32. Qxc8 Qc6 33. Qd8 Qd7 34. Qa5 Be7 35. g4 Qd8 36. Qxa7 Bxh4 37. Kg2 Be7 38. Kg3 Bb5 39. Nf4 g6 40. Qb7 Ba4 41. Qa6 Qd7 42. Ne1 Qc6 43. Qa7 Qd7 44. Qa6 Kg7 45. Ned3 Bb5 46. Qa5 Bd8 47. Qb4 Bxd3 48. Nxd3 Qe7 49. Qxe7 Bxe7 50. f4 Bd8 51. Kf3 Bb6 52. Ke3 Kf8 53. f5 Bd8 54. f6 g5 55. Nc5 Ke8 56. Kd3 Bb6 57. Nb7 Bc7 58. Nc5 Kf8 59. Nd7+ Kg8 60. Nc5 Ba5 61. Nb7 Bb4 62. Nd8 Ba5 63. Nb7 Bb6 64. Nd6 Bc7 65. Ke3 Kf8 66. Nb5 Bb8 67. Kd3 Ke8 68. Nc3 Kd7 69. Ne2 Bc7 70. Ng3 Ba5 71. Nh5 Ke8 72. Ng7+ Kf8 73. Nh5 Kg8 74. Ng7 Kh7 75. Ke3 Kg6 76. Kd3 Bb4 77. Ke3 Bf8 78. Nh5 Ba3 79. Kd3 Bb4 80. Ng7 Bf8 1/2-1/2

[Event "Basel Hilton op 14th"]
[Site "Basel"]
[Date "2012.01.02"]
[Round "3"]
[White "Minko, Vladimir"]
[Black "Klamp, Christoph"]
[Result "1-0"]
[WhiteElo "2038"]
[BlackElo "2106"]
[PlyCount "79"]
[EventDate "2012.01.01"]
[EventType "swiss"]
[EventRounds "7"]
[EventCountry "SUI"]
[SourceTitle "CBM 146 Extra"]
[Source "ChessBase"]
[SourceDate "2012.02.29"]
[SourceVersion "1"]
[SourceVersionDate "2012.02.29"]
[SourceQuality "1"]

1. c4 f5 2. g3 Nf6 3. Bg2 g6 4. Nc3 Bg7 5. d4 0-0 6. Nf3 d6 7. 0-0 c6 8. d5 Bd7 9. Nd4 Qc8 10. Bg5 Na6 11. Qd2 Nc5 12. Bh6 a6 13. Bxg7 Kxg7 14. Rac1 Nce4 15. Nxe4 fxe4 16. Qe3 c5 17. Nc2 Bh3 18. Qc3 Bxg2 19. Kxg2 b5 20. b3 Qg4 21. Rce1 Kg8 22. f4 Rab8 23. Ne3 Qd7 24. f5 bxc4 25. bxc4 Qa4 26. fxg6 hxg6 27. Rf4 Qxa2 28. Ng4 Qb2 29. Qe3 Kg7 30. Nxf6 exf6 31. Rxe4 Rf7 32. Rf1 Rb3 33. Qf4 a5 34. Qxd6 a4 35. Re8 a3 36. Qd8 a2 37. Rg8+ Kh6 38. Rh8+ Kg5 39. h4+ Kg4 40. Rf4# 1-0